005500000a22001450004500008004100000082001700041110003300058245012400091260002900215300001000244650003600254942000700290952009200297999001500389230817t ||||| |||| 00| 0 eng d a305.406bSRI aSri Lanka women's conference aSri Lanka women's conference : breport of the activities of the S.L.W.C. and its affiliates for the years 1975 to 1980 aColombo: bSLWC,c[n.d.] a40 p. aWOMEN'S ORGANIZATIONS-Sri Lanka cRP 00104070aMAINbMAINd2023-08-17l0o305.406 SRIpRAF4387r2023-08-17w2023-08-17yRP c1930d1930